Катализ разложения перекиси водорода гидратированным ионом и комплексными соединениями меди: автореферат диссертации на соискание ученой степени кандидата химических наук; спец. 02.073

Bibliographische Detailangaben
1. Verfasser: Бердников В. М.
Körperschaft: Академия наук СССР (АН СССР) Сибирское отделение (СО)
Weitere Verfasser: Пурмаль А. П. (научный руководитель)
Zusammenfassung:Защита сост. в июне 1972 г.
Sprache:Russisch
Veröffentlicht: Новосибирск, 1972
Schlagworte:
Format: MixedMaterials Buch
KOHA link:https://koha.lib.tpu.ru/cgi-bin/koha/opac-detail.pl?biblionumber=326927

MARC

LEADER 00000nam0a2200000 4500
001 326927
005 20231102003917.0
035 |a (RuTPU)RU\TPU\book\352587 
090 |a 326927 
100 |a 20170119d1972 k y0rusy50 ca 
101 0 |a rus 
102 |a RU 
105 |a y dm 001zy 
200 1 |a Катализ разложения перекиси водорода гидратированным ионом и комплексными соединениями меди  |e автореферат диссертации на соискание ученой степени кандидата химических наук  |e спец. 02.073  |f В. М. Бердников  |g Академия наук СССР (АН СССР), Сибирское отделение (СО) ; науч. рук. А. П. Пурмаль 
210 |a Новосибирск  |d 1972 
215 |a 17 с. 
300 |a Защита сост. в июне 1972 г. 
320 |a Библиогр.: с. 17 (11 назв.) 
606 1 |a Водород, перекись  |x Химия  |2 stltpush  |3 (RuTPU)RU\TPU\subj\74986  |9 86889 
610 1 |a разложение 
610 1 |a каталитическая активность 
610 1 |a инициирование 
610 1 |a ингибиторы 
610 1 |a химические реакции 
610 1 |a кинетика 
610 1 |a фотохимические разложение 
610 1 |a ионы меди 
610 1 |a каталитическое разложение 
610 1 |a аммиакат меди 
610 1 |a авторефераты диссертаций 
675 |a 546.21(04)  |v 4 
686 |a 02.073  |2 oksvnk 
700 1 |a Бердников  |b В. М. 
702 1 |a Пурмаль  |b А. П.  |4 727 
712 0 2 |a Академия наук СССР (АН СССР)  |b Сибирское отделение (СО)  |c (Новосибирск)  |2 stltpush  |3 (RuTPU)RU\TPU\col\11215 
801 1 |a RU  |b 63413507  |c 20170119 
801 2 |a RU  |b 63413507  |c 20170131  |g RCR 
942 |c BK